Country Flags Click Quiz #1 - Statistics

General Stats
  • This quiz has been taken 253 times
  • The average score is 19 of 20
Answer Stats
Hint Answer % Correct
Brazil
98%
China
98%
France
98%
Greece
98%
Israel
98%
Japan
98%
Russia
98%
United Kingdom
98%
Australia
97%
Canada
97%
Iran
97%
Italy
97%
Jamaica
97%
Mexico
97%
South Africa
97%
Ireland
96%
Netherlands
96%
Norway
96%
Sweden
96%
United States
96%
No matching quizzes found
Score Distribution
Percent of People with Each Score
Percentile by Number Answered
Your Score History
You have not taken this quiz